Auctions law and practice (Record no. 105300)
[ view plain ]
| 000 -LEADER | |
|---|---|
| fixed length control field | 01751cam a22002655a 4500 |
| 001 - CONTROL NUMBER | |
| control field | ##L132995 |
| 008 - FIXED-LENGTH DATA ELEMENTS--GENERAL INFORMATION | |
| fixed length control field | 060331s2006 xxk 000 0 eng u |
| 020 ## - INTERNATIONAL STANDARD BOOK NUMBER | |
| International Standard Book Number | 0199266166 |
| 035 ## - SYSTEM CONTROL NUMBER | |
| System control number | (Sirsi) u132995 |
| 041 0# - LANGUAGE CODE | |
| Language code of text/sound track or separate title | eng |
| 050 04 - LIBRARY OF CONGRESS CALL NUMBER | |
| Classification number | 380.1 $2 18 |
| 100 1# - MAIN ENTRY--PERSONAL NAME | |
| Personal name | Harvey, Brian W. |
| 245 00 - TITLE STATEMENT | |
| Title | Auctions law and practice |
| 250 ## - EDITION STATEMENT | |
| Edition statement | 3rd ed. |
| 260 ## - PUBLICATION, DISTRIBUTION, ETC. | |
| Place of publication, distribution, etc. | Oxford |
| Name of publisher, distributor, etc. | Oxford University Press |
| Date of publication, distribution, etc. | 2006 |
| 300 ## - PHYSICAL DESCRIPTION | |
| Extent | xliv, 461p |
| Dimensions | 25cm. |
| 350 ## - PRICE (NR) (BK AM CF MU VM SE) [OBSOLETE] | |
| Price | 67.50 |
| 505 2# - FORMATTED CONTENTS NOTE | |
| Formatted contents note | The evolution and economics of auction sales -- Auctioneers restrictions on trading -- Capacity and authority -- The rights of an auctioneer -- Duties and liabilities of the auctioneer -- Conditions of sale affecting buyers and bidders -- Export licensing -- Criminal practices at auctions and their consequences -- Sales of land by auction or tender -- Vehicle auctions and specialized auctions of other property -- Sales by vendors in special positions -- Value added tax. |
| 520 ## - SUMMARY, ETC. | |
| Summary, etc. | Looks at every aspect of auction practice, from the economics of auction sales and restrictions on trading to criminal and other liabilities of the auctioneer. This new edition takes account of a number of important developments in the fields of consumer protection and commercial law, particularly the legality and vulnerability of the differing forms of conditions of sale and consignment, the practice and legal issues of online auctions, and the duties owed by auctioneers as defined by recent case law. Also gives detailed consideration to livestock, vehicle and other less common auctions, VAT and export restrictions. |
| 520 ## - SUMMARY, ETC. | |
| Summary, etc. | Supersedes 2nd ed. (ISBN 0198259085) |
| 590 ## - LOCAL NOTE (RLIN) | |
| Local note | IKA250406 |
| 690 ## - LOCAL SUBJECT ADDED ENTRY--TOPICAL TERM (OCLC, RLIN) | |
| Topical term or geographic name as entry element | Auctioneering |
| 9 (RLIN) | 6218 |
| 700 1# - ADDED ENTRY--PERSONAL NAME | |
| Personal name | Meisel, Franklin |
| 942 ## - ADDED ENTRY ELEMENTS (KOHA) | |
| Suppress in OPAC | 0 |
| Source of classification or shelving scheme | Dewey Decimal Classification |
| Withdrawn status | Lost status | Source of classification or shelving scheme | Damaged status | Not for loan | Home library | Current library | Shelving location | Date acquired | Cost, normal purchase price | Total Checkouts | Full call number | Barcode | Date last seen | Date last checked out | Copy number | Cost, replacement price | Price effective from | Koha item type |
|---|---|---|---|---|---|---|---|---|---|---|---|---|---|---|---|---|---|---|
| Dewey Decimal Classification | London | London | Books | 06/03/2008 | 78.95 | 9 | 380.1 HAR | 30072669 | 06/08/2019 | 13/01/2010 | 3 | 78.95 | 06/08/2019 | Book |